Mastering idiomatic english : Adjective phrases

Zapisane w:
Opis bibliograficzny
1. autor: Gray, Loretta S.
Format: Książka
Język:Undetermined
Wydane: Linconwood, Illinois NTC 1999
Hasła przedmiotowe:
Etykiety: Dodaj etykietę
Nie ma etykietki, Dołącz pierwszą etykiete!
Thư viện lưu trữ: Trung tâm Học liệu Trường Đại học Cần Thơ
LEADER 00594nam a2200217Ia 4500
001 CTU_65753
008 210402s9999 xx 000 0 und d
020 |c 73000 
082 |a 428.24 
082 |b G778 
100 |a Gray, Loretta S. 
245 0 |a Mastering idiomatic english : 
245 0 |b Adjective phrases 
245 0 |c Loretta S. Gray 
260 |a Linconwood, Illinois 
260 |b NTC 
260 |c 1999 
650 |a English language 
650 |x Textbooks for foreign speakers 
904 |i Minh,Qhieu đã sửa 
980 |a Trung tâm Học liệu Trường Đại học Cần Thơ